Finales des Coupes du Monde de football: Pays d'origine des arbitres - Statistiques

Statistiques générales
  • Ce quiz a été pris 134 fois
  • Le résultat moyen est 10 sur 13
Statistiques - réponses
Réponse % Correct
France
98%
Italie
97%
Allemagne de l'Est
95%
Argentine
95%
Brésil
94%
Angleterre
93%
URSS
79%
Mexique
72%
Suisse
72%
Belgique
66%
Suède
66%
Hongrie
57%
Maroc
46%
Aucun quiz correspondant
Distribution des résultats
% des personnes avec chaque résultat
Percentile par nombre de réponses
Votre historique - résultats
Vous n’avez pas pris ce quiz